| 000 | 00465nam a22001817a 4500 | ||
|---|---|---|---|
| 005 | 20250529103932.0 | ||
| 008 | 250529b |||||||| |||| 00| 0 eng d | ||
| 020 |
_a9788129148438 _qpbk |
||
| 041 | _aeng | ||
| 082 | _a823.92 SAC | ||
| 100 | _aSachar Sanil | ||
| 245 |
_aRebound- inspired by a true story _b/ Sanil Sachar |
||
| 250 | _a1ST ED. | ||
| 260 |
_aNew Delhi _bRupa _c2017 |
||
| 300 |
_a202p. : _c20cm. |
||
| 650 | _aEnglish fiction | ||
| 942 | _cENGLISH | ||
| 999 |
_c571352 _d571352 |
||